Biblioteca

El ministerio en contextos multiculturales (Registro nro. 51236)

Detalles MARC
000 -LÍDER
Campo fijo de descripción fija 01247cab a22002174i 4500
001 - NÚMERO DE CONTROL
Campo de control 768714001
003 - IDENTIFICADOR DEL NÚMERO DE CONTROL
Campo de control CO-MdFUSB
005 - FECHA Y HORA DE LA ULTIMA TRANSACCIÓN
control field 20240618062715.0
008 - ELEMENTOS DE LONGITUD FIJA -- INFORMACIÓN GENERAL
Campo fijo de descripción fija -- Información general 161109s2000 gt ||||| |||| 00| 0 spa d
022 ## - NÚMERO INTERNACIONAL NORMALIZADO PARA PUBLICACIONES SERIADAS
Número Internacional Normalizado para Publicaciones Seriadas 1014-9341
040 ## - FUENTE DE CATALOGACIÓN
Agencia Catalogadora CO-MdFUSB
Idioma de catalogación spa
Agencia que realiza la transcripción CO-MdFUSB
Agencia que realiza la modificación CO-MdFUSB
041 ## - CÓDIGO DE IDIOMA
Código de idioma para texto/pista de sonido o título separado spa
100 1# - ASIENTO PRINCIPAL--NOMBRE PERSONAL
Nombre personal Voth, Esteban
Término relacionador autor
245 03 - TÍTULO
Título El ministerio en contextos multiculturales
Mención de responsabilidad / Dr. Esteban Voth
300 ## - DESCRIPCIÓN FÍSICA
Extensión Número 27 (Julio - Diciembre, 2000), páginas 7-24
Dimensiones ; 22 cm
520 ## - NOTA DE RESUMEN, ETC.
Nota de sumario, etc. Los contextos multiculturales en que vivimos hoy, aun dentro de nuestra patria, nos exigen hacer un esfuerzo consciente para entender la cultura de las personas a quienes ministramos, y cómo esa cultura influye en la comprensión y comunicación del evangelio. Hay que evitar el etnocentrismo y el imperialismo cultural que resultan de actitudes monoculturales. Especialmente importante es una compresión básica de la cosmovisión de cada cultura. La cosmovisión se puede descubrir a través de un análisis de la conducta, los valores y las creencias.
650 #0 - ASIENTO SECUNDARIO DE MATERIA - TERMINO TEMÁTICO
Término temático o nombre geográfico como elemento de entrada Misiones
9 (RLIN) 154
653 ## - TÉRMINO DE INDIZACIÓN - NO CONTROLADO
Término no controlado Ministerio -- Contexto cultural.
773 0# - ASIENTO DE ITEM FUENTE
Título Kairós
Biblionumber 49489
Itemnumber 61196
Parte(s) relacionada(s) / Volumen., número. (mes año), páginas Número 27 (Julio - Diciembre, 2000), páginas 7-24
Enumeración y primera página Página 7
942 ## - TIPO DE MATERIAL (KOHA)
Tipo de Item KOHA Artículos de Revista

No hay ítems disponibles.

Biblioteca FUSBC | Teléfono: (57+4) 349 88 10 Ext. 141| WhatsApp (+57) 3005338115 
E-mail: biblioteca@unisbc.edu.co | Calle 76 87-14 Robledo Palenque, Medellín, Colombia

Con tecnología Koha